Neurobehavioral disorders: a clinical approach (Record no. 32164)
[ view plain ]
| 000 -LEADER | |
|---|---|
| fixed length control field | 00713nam a2200193 a 4500 |
| 008 - FIXED-LENGTH DATA ELEMENTS--GENERAL INFORMATION | |
| fixed length control field | 110908s1988 ||||||||||||||||| || u |
| 020 ## - INTERNATIONAL STANDARD BOOK NUMBER | |
| International Standard Book Number | 0803682131 |
| 050 ## - LIBRARY OF CONGRESS CALL NUMBER | |
| Classification number | RC 386 Str. |
| 100 ## - MAIN ENTRY--PERSONAL NAME | |
| Personal name | Strub, Richard L., 1939- |
| 245 10 - TITLE STATEMENT | |
| Title | Neurobehavioral disorders: a clinical approach |
| 260 ## - PUBLICATION, DISTRIBUTION, ETC. | |
| Place of publication, distribution, etc. | Philadelphia, PA: |
| Name of publisher, distributor, etc. | F. A. Davis |
| Date of publication, distribution, etc. | 1988 |
| 300 ## - PHYSICAL DESCRIPTION | |
| Extent | xiv, 507p.: ill. |
| 350 ## - | |
| -- | 0.00 |
| 650 ## - SUBJECT ADDED ENTRY--TOPICAL TERM | |
| Topical term or geographic name entry element | BRAIN--DISEASES |
| 650 ## - SUBJECT ADDED ENTRY--TOPICAL TERM | |
| Topical term or geographic name entry element | UROLOGIC DISEASES |
| 650 ## - SUBJECT ADDED ENTRY--TOPICAL TERM | |
| Topical term or geographic name entry element | NEUROPSYCHIATRY |
| 700 ## - ADDED ENTRY--PERSONAL NAME | |
| Personal name | Black, F. William, 1939- |
| 995 ## - | |
| -- | MEDICAL LIBRARY OPEN ACCESS |
| -- | 0.00 |
| -- | 900524 |
| -- | CBU-SCHOOL OF MEDICINE LIBRARY (Ndola) |
| -- | 1 |
| -- | 0.00 |
| -- | RC 386 Str. 193 |
| -- | 1 |
| -- | AVAILABLE |
| -- | Oct 13, 2011 |
| -- | 900524 |
| -- | Medical Library Open Access Collection |
| 999 ## - | |
| -- | 32164 |
| -- | 32164 |
| Withdrawn status | Lost status | Source of classification or shelving scheme | Damaged status | Not for loan | Permanent Location | Current Location | Shelving location | Date acquired | Total Checkouts | Full call number | Barcode | Date last seen | Price effective from | Koha item type |
|---|---|---|---|---|---|---|---|---|---|---|---|---|---|---|
| CBU-SCHOOL OF MEDICINE LIBRARY, NDOLA. | CBU-SCHOOL OF MEDICINE LIBRARY, NDOLA. | 11/30/2022 | RC 386 Str. | 900524 | 11/30/2022 | 11/30/2022 | MONOGRAPH |